Normal view
MARC view
- Cruz Velasco, David
Entry Nombre Personal
001 - NUMERO DE CONTROL
- campo de control: 47828
003 - IDENTIFICADOR DE NUMERO DE CONTROL
- campo de control: UPN
005 - FECHA Y HORA DE LA ÜLTIMA TRANSACCIÓN
- campo de control: 20230301110233.0
008 - DATOS DE LONGITUD FIJA
- campo de control de longitud fija: 230215|| aca||aabn | a|a d
040 ## - FUENTE DE CATALOGACIÓN
- Agencia original de catalogación: MX-MxUPN
- Lenguaje de catalogación: spa
- Agencia de transcripción: MX-MxUPN
100 1# - ENCABEZAMIENTO - NOMBRE PERSONAL
- Nombre personal: Cruz Velasco, David
400 1# - VEÁSE - NOMBRE DE PERSONA
- Personal name: Velasco, David Cruz
670 ## - FUENTE EN LA QUE SE LOCALIZARON DATOS
- Cita de la fuente: En la obra: Interdisciplinariedad e inclusión educativa en la nueva cotidianidad, 2022:
- Información localizada: reverso de la portada (David Cruz Velasco)
902 ## - CATALOGADOR
- Catalogador: NDAF/010323
